[Event "2nd GMA World Cup prel  #1"]
[Site "Belgrade YUG"]
[Date "1988.??.??"]
[Round "?"]
[White "Kontic, Dordije"]
[Black "Subasic, Ilijas"]
[Result "1-0"]
[WhiteElo "2370"]
[BlackElo "2280"]
[EventDate "1988.12.??"]
[PlyCount "79"]

1.e4 e5 2.Nf3 Nc6 3.Bc4 Nf6 4.d3 Bc5 5.c3 a6 6.O-O Ba7 7.Bb3 d6 8.Nbd2 O-O
9.Nc4 Ne7 10.Bg5 Ng6 11.Nh4 Nxh4 12.Bxh4 h6 13.Kh1 g5 14.Bg3 Bg4 15.f3 Be6
16.Bf2 Bxc4 17.Bxc4 Bxf2 18.Rxf2 Kg7 19.g3 d5 20.Bb3 Qd6 21.Qe2 Rae8 22.
Raf1 c6 23.f4 Nh7 24.fxg5 hxg5 25.Qh5 f6 26.Bd1 Rf7 27.Bg4 Rh8 28.Bf5 Nf8 
29.Qg4 Rh6 30.h4 Kh8 31.Rh2 Rg7 32.hxg5 Rxh2+ 33.Kxh2 Rxg5 34.Qh3+ Kg7 35.
Kg2 dxe4 36.Bxe4 Ne6 37.Qh7+ Kf8 38.Rxf6+ Ke8 39.Qf7+ Kd8 40.Rxe6 1-0

[Event "2nd GMA World Cup prel  #1"]
[Site "Belgrade YUG"]
[Date "1988.??.??"]
[Round "?"]
[White "Kosanovic, Goran"]
[Black "Durovic, Dejan"]
[Result "1-0"]
[WhiteElo "2395"]
[BlackElo "2235"]
[EventDate "1988.12.??"]
[PlyCount "57"]

1.e4 c5 2.Nf3 d6 3.d4 cxd4 4.Nxd4 Nf6 5.Nc3 a6 6.Bc4 e6 7.Bb3 Nc6 8.Be3 
Qc7 9.Qe2 Na5 10.O-O-O b5 11.f3 Nxb3+ 12.axb3 Be7 13.g4 b4 14.Na4 Nd7 15.
g5 Nc5 16.h4 Bd7 17.Kb1 Rb8 18.h5 Bxa4 19.bxa4 Nxa4 20.Nb3 a5 21.f4 Nc3+ 
22.bxc3 bxc3 23.Rd4 O-O 24.g6 Rfc8 25.gxf7+ Kxf7 26.h6 g6 27.f5 exf5 28.
exf5 a4 29.fxg6+ 1-0

[Event "2nd GMA World Cup prel  #1"]
[Site "Belgrade YUG"]
[Date "1988.??.??"]
[Round "?"]
[White "Kosanovic, Goran"]
[Black "Gurevich, Dmitry"]
[Result "0-1"]
[WhiteElo "2395"]
[BlackElo "2475"]
[EventDate "1988.12.??"]
[PlyCount "60"]

1.e4 c5 2.Nf3 e6 3.Nc3 d6 4.d4 cxd4 5.Nxd4 a6 6.Bc4 Nf6 7.Bb3 Nc6 8.Be3 
Be7 9.Qe2 O-O 10.O-O-O Qc7 11.Rhg1 b5 12.g4 b4 13.Nxc6 Qxc6 14.Nd5 Nxd5 
15.exd5 Qb7 16.f4 a5 17.dxe6 fxe6 18.Kb1 d5 19.Ba4 Bd7 20.Bxd7 Qxd7 21.Bc1
Rae8 22.Qd3 a4 23.Rgf1 Rd8 24.Be3 a3 25.b3 Rc8 26.Bd4 Bd6 27.Qe3 Qf7 28.
Qe2 Bxf4 29.Be5 g5 30.Bd6 Qf6 0-1

[Event "2nd GMA World Cup prel  #1"]
[Site "Belgrade YUG"]
[Date "1988.??.??"]
[Round "?"]
[White "Kosanovic, Goran"]
[Black "Palos, Osman"]
[Result "0-1"]
[WhiteElo "2395"]
[BlackElo "2350"]
[EventDate "1988.12.??"]
[PlyCount "94"]

1.e4 e6 2.d4 d5 3.Nc3 Bb4 4.e5 c5 5.a3 Bxc3+ 6.bxc3 Qa5 7.Bd2 Qa4 8.dxc5 
Nd7 9.Nf3 Nxc5 10.c4 Ne7 11.Bb4 b6 12.cxd5 Nxd5 13.Nd4 Bd7 14.c4 Nxb4 15.
Qxa4 Nbd3+ 16.Bxd3 Bxa4 17.Be2 Rd8 18.Nf3 Ke7 19.O-O Rd7 20.Rfe1 Bb3 21.
Rab1 a5 22.h3 a4 23.Rec1 Rc8 24.Rb2 Rcd8 25.Kf1 f6 26.exf6+ gxf6 27.Kg1 
Rd6 28.Re1 Kf7 29.g4 h6 30.Kg2 e5 31.Nh4 Rd2 32.Rxd2 Rxd2 33.Nf5 Kg6 34.
Ne7+ Kg7 35.Nd5 Ra2 36.Nxb6 Rxa3 37.Rb1 Ra2 38.Bd1 Rd2 39.Bxb3 axb3 40.Nd5
Kf7 41.Ne3 b2 42.h4 Na4 43.Nd1 Rxd1 44.Rxd1 Nc3 45.Re1 b1=Q 46.Rxb1 Nxb1 
47.c5 Nc3 0-1

[Event "2nd GMA World Cup prel  #1"]
[Site "Belgrade YUG"]
[Date "1988.??.??"]
[Round "?"]
[White "Kosanski, Stanko"]
[Black "Arnason, Jon"]
[Result "1-0"]
[WhiteElo "2390"]
[BlackElo "2535"]
[EventDate "1988.12.??"]
[PlyCount "93"]

1.e4 c5 2.Nf3 d6 3.h3 Nf6 4.c3 g6 5.Bd3 Bg7 6.O-O Nc6 7.Bc2 O-O 8.d4 d5 9.
e5 Ne8 10.Re1 b6 11.Be3 cxd4 12.cxd4 f6 13.Nc3 fxe5 14.dxe5 Nc7 15.Bb3 e6 
16.Bg5 Qd7 17.Ba4 a6 18.Rc1 b5 19.Bc2 Ra7 20.Be3 Rb7 21.Bc5 Rd8 22.Bd4 Bh6
23.Ra1 Ne8 24.Nh2 Bg7 25.Ng4 Nd6 26.b3 Qf7 27.Rc1 Nxd4 28.Qxd4 Rf8 29.Qd2 
Nf5 30.Bxf5 gxf5 31.Nh6+ Bxh6 32.Qxh6 d4 33.Ne2 d3 34.Ng3 Rd7 35.Red1 Bb7 
36.Rc3 Rfd8 37.Nh5 Kh8 38.Nf6 Rd4 39.f3 b4 40.Rc4 Rxc4 41.bxc4 Qg6 42.Qe3 
Kg7 43.Kf2 f4 44.Qxf4 Bc6 45.h4 Ba4 46.Rd2 Qh6 47.Nh5+ 1-0

[Event "2nd GMA World Cup prel  #1"]
[Site "Belgrade YUG"]
[Date "1988.??.??"]
[Round "?"]
[White "Kosanski, Stanko"]
[Black "Janosevic, Dragoljub"]
[Result "1-0"]
[WhiteElo "2390"]
[BlackElo "2330"]
[EventDate "1988.12.??"]
[PlyCount "80"]

1.e4 c5 2.Nf3 Nc6 3.g3 g6 4.d4 cxd4 5.Nxd4 Bg7 6.Ne2 Nf6 7.Bg2 d6 8.O-O 
O-O 9.h3 Be6 10.Nbc3 Rc8 11.Nd5 Ne5 12.a4 Bd7 13.Ra2 Nc6 14.c3 e5 15.Bg5 
Be6 16.b3 Bxd5 17.exd5 Nb8 18.c4 Nbd7 19.a5 a6 20.Qc2 h6 21.Be3 Ne8 22.b4 
f5 23.Qb3 g5 24.f4 Kh8 25.Rc2 Qe7 26.c5 gxf4 27.gxf4 e4 28.c6 Ndf6 29.Nd4 
Qf7 30.cxb7 Qxb7 31.Rxc8 Qxc8 32.Rc1 Qd7 33.Ne6 Rg8 34.Rc6 Qf7 35.Rxa6 Qg6
36.Qa2 Qg3 37.Qf2 Qxf2+ 38.Kxf2 Nxd5 39.Nxg7 Nxg7 40.Rxd6 Nxb4 1-0

[Event "2nd GMA World Cup prel  #1"]
[Site "Belgrade YUG"]
[Date "1988.??.??"]
[Round "?"]
[White "Kosanski, Stanko"]
[Black "Kovacevic, Vlatko"]
[Result "0-1"]
[WhiteElo "2390"]
[BlackElo "2515"]
[EventDate "1988.12.??"]
[PlyCount "138"]

1.e4 e6 2.d4 d5 3.e5 c5 4.c3 Qb6 5.Nf3 Bd7 6.Be2 cxd4 7.cxd4 Bb5 8.Qb3 
Bxe2 9.Qxb6 axb6 10.Kxe2 Ne7 11.Nc3 Nec6 12.Nb5 Kd7 13.Ng5 Nd8 14.f4 Nbc6 
15.Be3 Na7 16.a4 f6 17.Nf3 Be7 18.Nc3 f5 19.h3 h5 20.g4 hxg4 21.hxg4 Rxh1 
22.Rxh1 fxg4 23.Ng5 Ndc6 24.Rh7 Rg8 25.Rh4 Bxg5 26.fxg5 Ne7 27.Rxg4 Nf5 
28.g6 Nc6 29.Bf2 Rh8 30.Nb5 Rh1 31.Nd6 Nce7 32.Nxb7 Rb1 33.Kd3 Rxb2 34.Be1
Ra2 35.a5 Kc7 36.Nd6 bxa5 37.Nxf5 Nxf5 38.Bc3 a4 39.Rg1 a3 40.Bd2 Kb7 41.
Rb1+ Ka6 42.Rb4 Ra1 43.Rb3 Ka7 44.Bc3 Rd1+ 45.Ke2 Nxd4+ 46.Bxd4+ Rxd4 47.
Rxa3+ Kb6 48.Rb3+ Kc6 49.Ra3 Re4+ 50.Kd3 Rxe5 51.Ra7 Rg5 52.Rxg7 Kd6 53.
Rg8 Ke5 54.Ke3 Kf6 55.Rf8+ Kxg6 56.Kd4 Rf5 57.Rg8+ Kf7 58.Rg1 Rf4+ 59.Ke5 
Re4+ 60.Kd6 Kf6 61.Rf1+ Kg5 62.Rf2 d4 63.Kc5 e5 64.Kd5 Re3 65.Kc4 Kg4 66.
Rf1 d3 67.Rf8 e4 68.Kc3 Re2 69.Rf1 d2 0-1

[Event "2nd GMA World Cup prel  #1"]
[Site "Belgrade YUG"]
[Date "1988.??.??"]
[Round "?"]
[White "Kosanski, Stanko"]
[Black "Savchenko, Stanislav"]
[Result "0-1"]
[WhiteElo "2390"]
[BlackElo "2480"]
[EventDate "1988.12.??"]
[PlyCount "114"]

1.e4 e6 2.d4 d5 3.e5 c5 4.c3 Nc6 5.Nf3 Nge7 6.Be2 Nf5 7.dxc5 Bxc5 8.O-O 
Nh4 9.Bf4 Nxf3+ 10.Bxf3 O-O 11.b4 Bb6 12.Bg3 a5 13.b5 Ne7 14.a4 Nf5 15.Ra2
Nxg3 16.hxg3 Qg5 17.Re2 f6 18.Qc1 Qxg3 19.c4 Qg6 20.cxd5 fxe5 21.Nd2 exd5 
22.Bxd5+ Be6 23.Qc4 Bxd5 24.Qxd5+ Kh8 25.Qxb7 Rae8 26.Ne4 Bd4 27.Rc2 h6 
28.Qc6 Qg4 29.Nd6 Rd8 30.b6 Rb8 31.b7 Qg6 32.Qc7 e4 33.Nb5 Bb6 34.Qc6 Qxc6
35.Rxc6 Rxb7 36.Nd6 Bxf2+ 37.Kh1 Rb4 38.Rc2 e3 39.g3 Rg4 40.Rb2 Rf6 41.Rd1
Rxa4 42.Rd5 Ra1+ 43.Kh2 Bg1+ 44.Kg2 Rf2+ 45.Rxf2 Bxf2 46.Kf3 Bxg3 47.Nf5 
Bf2 48.Rd7 Rg1 49.Ra7 Kh7 50.Rxa5 Rg5 51.Re5 Kg6 52.Ne7+ Kf6 53.Re4 Rc5 
54.Ng8+ Kf7 55.Ne7 g5 56.Kg4 Rc2 57.Kf3 g4+ 0-1

[Event "2nd GMA World Cup prel  #1"]
[Site "Belgrade YUG"]
[Date "1988.??.??"]
[Round "?"]
[White "Kosic, Dragan"]
[Black "Campora, Daniel Hugo"]
[Result "0-1"]
[WhiteElo "2440"]
[BlackElo "2540"]
[EventDate "1988.12.??"]
[PlyCount "112"]

1.d4 d5 2.c4 e6 3.Nc3 Nf6 4.cxd5 exd5 5.Bg5 Be7 6.e3 O-O 7.Bd3 Nbd7 8.Nge2
Re8 9.O-O c6 10.Qc2 Nf8 11.a3 Ng4 12.Bf4 Ng6 13.h3 Nf6 14.Be5 Nd7 15.Bg3 
Ndf8 16.b4 a6 17.Rae1 Bd6 18.Bxd6 Qxd6 19.Ng3 Qd8 20.f4 Nd7 21.Qf2 Nf6 22.
f5 Ne7 23.Qf4 a5 24.Nge2 axb4 25.axb4 h6 26.g4 Nh7 27.h4 f6 28.Ra1 Bd7 29.
Rxa8 Qxa8 30.Qc7 Qc8 31.Qxc8 Nxc8 32.Kf2 Nd6 33.Ra1 h5 34.Kf3 hxg4+ 35.Kf4
Nf8 36.Rg1 g6 37.Rxg4 Bxf5 38.Bxf5 Nxf5 39.e4 Nxh4 40.exd5 cxd5 41.Kg3 g5 
42.Kf2 Rd8 43.Nf4 Kf7 44.Nfxd5 Ne6 45.Ke3 Nf5+ 46.Kd3 Nfxd4 47.Rxd4 Nxd4 
48.Kxd4 Ke6 49.Kc4 Ke5 50.Ne3 f5 51.Kb5 Kd4 52.Ncd1 Ke4 53.Kb6 Rd7 54.b5 
g4 55.Ka7 g3 56.b6 f4 0-1

[Event "2nd GMA World Cup prel  #1"]
[Site "Belgrade YUG"]
[Date "1988.??.??"]
[Round "?"]
[White "Kosic, Dragan"]
[Black "Lematschko, Tatjana"]
[Result "1-0"]
[WhiteElo "2440"]
[BlackElo "2335"]
[EventDate "1988.12.??"]
[PlyCount "97"]

1.d4 d5 2.c4 e6 3.Nc3 c6 4.e3 f5 5.Bd3 Nf6 6.Qc2 g6 7.Nge2 Bd6 8.Bd2 Ne4 
9.h4 Nd7 10.f3 Ng3 11.Rh3 Nxe2 12.Bxe2 a6 13.O-O-O Nf6 14.g4 b5 15.g5 Nh5 
16.c5 Bc7 17.f4 Ba5 18.Bxh5 Bxc3 19.Bxc3 gxh5 20.Qe2 Qc7 21.Qxh5+ Qf7 22.
Qxf7+ Kxf7 23.Ba5 h5 24.g6+ Kxg6 25.Rg3+ Kf7 26.Rdg1 Rh7 27.Bc7 Bd7 28.Be5
Be8 29.Rg8 a5 30.Bd6 e5 31.Rf8+ Ke6 32.Rgg8 exf4 33.Rxe8+ Rxe8 34.Rxe8+ 
Kd7 35.Ra8 f3 36.Kd2 Ke6 37.Re8+ Kd7 38.Rg8 Ke6 39.Bf4 Kd7 40.Ke1 a4 41.
Kf2 Re7 42.Kxf3 b4 43.Be5 b3 44.a3 Re6 45.Kf4 Ke7 46.Kxf5 Rh6 47.Ra8 Kf7 
48.Rxa4 Kg8 49.Ra7 1-0

[Event "2nd GMA World Cup prel  #1"]
[Site "Belgrade YUG"]
[Date "1988.??.??"]
[Round "?"]
[White "Kosic, Dragan"]
[Black "Vucic, Mladen"]
[Result "1-0"]
[WhiteElo "2440"]
[BlackElo "2400"]
[EventDate "1988.12.??"]
[PlyCount "119"]

1.d4 d5 2.c4 c6 3.Nc3 Nf6 4.e3 Bf5 5.cxd5 Nxd5 6.Qb3 Qb6 7.Qd1 e6 8.Nge2 
Nf6 9.Ng3 Bg6 10.Bc4 Bd6 11.f4 h5 12.h3 h4 13.Nge2 c5 14.d5 e5 15.O-O Nbd7
16.f5 Bh5 17.e4 a6 18.b3 Qc7 19.a4 b6 20.Qd3 Qb7 21.Bg5 Bxe2 22.Nxe2 Rh5 
23.Be3 Ke7 24.Nc3 Ne8 25.Qe2 Ndf6 26.Ra2 Nc7 27.Rfa1 Rg8 28.Qf2 Rh7 29.Kh1
Kf8 30.a5 b5 31.Bxc5 Nce8 32.Bd3 g5 33.Bxd6+ Nxd6 34.Qb6 Ke7 35.Rc2 Rb8 
36.Qe3 Rg7 37.Rac1 Rc8 38.Na2 Rxc2 39.Rxc2 g4 40.Nb4 gxh3 41.Nc6+ Kf8 42.
Qh6 Nde8 43.gxh3 Kg8 44.Rg2 Rxg2 45.Kxg2 Qc7 46.Qxh4 Qd6 47.b4 Ng7 48.Be2 
Kf8 49.Bf3 Kg8 50.Qg5 Kh7 51.h4 Ng8 52.Kf1 Ne8 53.Bh5 Nh6 54.Bf3 Nf6 55.
Qg3 Nd7 56.Kg2 Ng8 57.Bh5 Nh6 58.Qg5 Qf8 59.f6 Qg8 60.Ne7 1-0

[Event "2nd GMA World Cup prel  #1"]
[Site "Belgrade YUG"]
[Date "1988.??.??"]
[Round "?"]
[White "Kosten, Anthony Cornelius"]
[Black "Cvetkovic, Srdan"]
[Result "1/2-1/2"]
[WhiteElo "2515"]
[BlackElo "2450"]
[EventDate "1988.12.??"]
[PlyCount "75"]

1.e4 c5 2.f4 e6 3.Nf3 Nc6 4.Nc3 d5 5.Bb5 Ne7 6.exd5 Nxd5 7.Ne5 Bd7 8.Bxc6 
Bxc6 9.Nxc6 bxc6 10.O-O g6 11.Qe2 Bg7 12.Ne4 Qe7 13.d3 O-O 14.c3 f5 15.Nd2
e5 16.Nc4 Rae8 17.fxe5 Bxe5 18.Qf2 f4 19.Bd2 Ne3 20.Nxe3 fxe3 21.Qxe3 
Bxh2+ 22.Kxh2 Qxe3 23.Rxf8+ Kxf8 24.Rf1+ Kg7 25.Bxe3 Rxe3 26.Rf4 Rxd3 27.
Ra4 Rd7 28.Ra5 c4 29.Rc5 Rb7 30.Rxc6 Rxb2 31.Rc7+ Kh6 32.a4 Ra2 33.Rxc4 
Kg5 34.Rc5+ Kg4 35.Ra5 h5 36.Rxa7 Ra3 37.c4 Rc3 38.Rc7 1/2-1/2

[Event "2nd GMA World Cup prel  #1"]
[Site "Belgrade YUG"]
[Date "1988.??.??"]
[Round "?"]
[White "Kosten, Anthony Cornelius"]
[Black "Nestorovic, Dejan"]
[Result "1-0"]
[WhiteElo "2515"]
[BlackElo "2370"]
[EventDate "1988.12.??"]
[PlyCount "81"]

1.e4 e5 2.Nf3 Nc6 3.Bc4 Nf6 4.d3 Be7 5.O-O O-O 6.Bb3 d6 7.c3 a6 8.Nbd2 Re8
9.Re1 Bf8 10.Nf1 h6 11.h3 Na5 12.Bc2 c5 13.d4 cxd4 14.cxd4 exd4 15.Nxd4 
Nc6 16.Ng3 g6 17.Bf4 Ne5 18.Bb3 b5 19.a4 Bb7 20.axb5 axb5 21.Rxa8 Bxa8 22.
Nxb5 Qb6 23.Nd4 Ned7 24.Be3 Nc5 25.Bc2 Qxb2 26.Ndf5 Ncxe4 27.Bxe4 Nxe4 28.
Nxe4 Rxe4 29.Nxh6+ Bxh6 30.Bxh6 Rxe1+ 31.Qxe1 Qe5 32.Be3 Qe4 33.f3 Qd3 34.
Kh2 Bd5 35.Bf4 Be6 36.Qb4 Qd5 37.Bxd6 g5 38.Qb8+ Kh7 39.Be5 Kg6 40.Qh8 Qd2
41.Qg7+ 1-0

[Event "2nd GMA World Cup prel  #1"]
[Site "Belgrade YUG"]
[Date "1988.??.??"]
[Round "?"]
[White "Kosten, Anthony Cornelius"]
[Black "Todorovic, Goran M."]
[Result "1-0"]
[WhiteElo "2515"]
[BlackElo "2425"]
[EventDate "1988.12.??"]
[PlyCount "76"]

1.e4 c5 2.f4 d5 3.Nc3 dxe4 4.Nxe4 e6 5.Nf3 Be7 6.Bb5+ Bd7 7.Bxd7+ Nxd7 8.
O-O Nh6 9.b3 Nf5 10.Bb2 Qc7 11.Qe2 O-O-O 12.Rae1 h6 13.Kh1 Rhg8 14.d3 g5 
15.g4 Nd6 16.Ne5 gxf4 17.Rxf4 f5 18.Ng3 Nxe5 19.Qxe5 Bg5 20.Rff1 Qc6+ 21.
Kg1 Kb8 22.Ba3 b6 23.b4 Bd2 24.b5 Qxb5 25.Rb1 Bb4 26.c3 Qxd3 27.cxb4 Ka8 
28.bxc5 Nc4 29.Qxe6 Rxg4 30.Qc6+ Kb8 31.cxb6 Nxb6 32.Bc5 Rxg3+ 33.hxg3 
Qxg3+ 34.Qg2 Qc7 35.Bxb6 axb6 36.Rfc1 Qf7 37.Rxb6+ Ka7 38.Qf2 Ka8 1-0

[Event "2nd GMA World Cup prel  #1"]
[Site "Belgrade YUG"]
[Date "1988.??.??"]
[Round "?"]
[White "Kovacevic, Slobodan"]
[Black "Glek, Igor"]
[Result "1/2-1/2"]
[WhiteElo "2340"]
[BlackElo "2500"]
[EventDate "1988.12.??"]
[PlyCount "64"]

1.d4 e6 2.Nf3 f5 3.h3 Nf6 4.g4 d5 5.Bf4 Bd6 6.Ne5 O-O 7.e3 Ne4 8.h4 c5 9.
dxc5 Bxe5 10.Bxe5 Nc6 11.Bd6 Nxd6 12.cxd6 fxg4 13.Nc3 Ne5 14.Be2 Qxd6 15.
Qd4 g3 16.f4 Nc6 17.Qd2 d4 18.O-O-O Qc7 19.exd4 Qxf4 20.Qxf4 Rxf4 21.Rdg1 
Nxd4 22.Rxg3 Bd7 23.Bd3 Nf5 24.Bxf5 Rxf5 25.Rhg1 g6 26.Ne4 Bc6 27.Ng5 Re8 
28.Re3 e5 29.b3 Kg7 30.a4 e4 31.Rg4 h6 32.Nh3 Rf1+ 1/2-1/2

[Event "2nd GMA World Cup prel  #1"]
[Site "Belgrade YUG"]
[Date "1988.??.??"]
[Round "?"]
[White "Kovacevic, Slobodan"]
[Black "Todorovic, Goran N."]
[Result "0-1"]
[WhiteElo "2340"]
[BlackElo "2400"]
[EventDate "1988.12.??"]
[PlyCount "120"]

1.d4 Nf6 2.Nf3 d6 3.Bg5 h6 4.Bh4 g5 5.Bg3 Ne4 6.Nbd2 Nxg3 7.hxg3 Bg7 8.c3 
c5 9.dxc5 dxc5 10.e4 Nc6 11.a4 Be6 12.Qc2 Qc7 13.Bc4 Bxc4 14.Nxc4 Rd8 15.
Nfd2 Ne5 16.Nxe5 Qxe5 17.Nc4 Qc7 18.Qe2 O-O 19.O-O Qd7 20.Rfd1 Qe6 21.f4 
Qa6 22.Rxd8 Rxd8 23.Ra3 Qc6 24.Ra1 b6 25.fxg5 hxg5 26.Qg4 Qg6 27.Rf1 e6 
28.Qe2 Rd7 29.g4 Qh7 30.Rf3 Qg6 31.Rh3 Qf6 32.Rf3 Qd8 33.Rf1 Rd3 34.Rf3 
Rd1+ 35.Rf1 Rxf1+ 36.Kxf1 Qd7 37.Qc2 Qc7 38.Ke2 Qg3 39.Ne3 Be5 40.Kd3 c4+ 
41.Ke2 Bf4 42.Nxc4 Qxg2+ 43.Kd3 Qxg4 44.Qe2 Qh3+ 45.Kd4 g4 46.e5 g3 47.Qf3
Qf5 48.b4 Kg7 49.b5 Kg6 50.Qa8 Kg5 51.Qg8+ Kh4 52.Qh8+ Kg4 53.Qa8 Bg5 54.
Nd6 Qf4+ 55.Kd3 Qxe5 56.Nxf7 Qe3+ 57.Kc4 Qf4+ 58.Kb3 Qxf7 59.Qe4+ Bf4 60.
Qe2+ Kg5 0-1

[Event "2nd GMA World Cup prel  #1"]
[Site "Belgrade YUG"]
[Date "1988.??.??"]
[Round "?"]
[White "Kovacevic, Slobodan"]
[Black "Westerinen, Heikki"]
[Result "1/2-1/2"]
[WhiteElo "2340"]
[BlackElo "2395"]
[EventDate "1988.12.??"]
[PlyCount "119"]

1.d4 c5 2.d5 e5 3.e4 d6 4.Nc3 Be7 5.Be2 Bg5 6.Nf3 Bxc1 7.Qxc1 Nh6 8.a4 O-O
9.Nd2 f5 10.Nc4 Na6 11.Qd2 f4 12.Nb5 Rf6 13.a5 Nc7 14.Nba3 Rb8 15.c3 Rg6 
16.Bf1 Bd7 17.b4 b5 18.Nb2 Na6 19.f3 Qh4+ 20.Kd1 Rf6 21.Kc2 Rff8 22.Nd3 
Rfc8 23.Kb2 cxb4 24.cxb4 Rc4 25.Rc1 Rxc1 26.Nxc1 g5 27.Na2 g4 28.Bd3 Kh8 
29.Qe2 Nc7 30.Rc1 Rb7 31.a6 Nxa6 32.Nxb5 Rb6 33.Ka3 Qxh2 34.Nxa7 gxf3 35.
gxf3 Qxe2 36.Bxe2 Nf7 37.Rc2 h5 38.Nc8 Rb8 39.Ne7 Kg7 40.Nc6 Ra8 41.Kb3 h4
42.Nc3 h3 43.Na4 Rh8 44.Bxa6 h2 45.Rxh2 Rxh2 46.b5 Ng5 47.b6 Nxf3 48.b7 
Nd2+ 49.Kb4 Rh8 50.Nc3 f3 51.b8=Q Rxb8+ 52.Nxb8 Bh3 53.Ka5 f2 54.Kb6 f1=Q 
55.Bxf1 Bxf1 56.Kc7 Bg2 57.Kxd6 Nxe4+ 58.Nxe4 Bxe4 59.Kxe5 Bxd5 60.Kxd5 
1/2-1/2

[Event "2nd GMA World Cup prel  #1"]
[Site "Belgrade YUG"]
[Date "1988.??.??"]
[Round "?"]
[White "Kovacevic, Slobodan"]
[Black "Wilder, Michael"]
[Result "0-1"]
[WhiteElo "2340"]
[BlackElo "2505"]
[EventDate "1988.12.??"]
[PlyCount "110"]

1.d4 Nf6 2.Nf3 e6 3.Bf4 b6 4.Nbd2 Bb7 5.e3 Be7 6.h3 c5 7.c3 Nc6 8.Bd3 O-O 
9.Qe2 Rc8 10.O-O cxd4 11.exd4 Nd5 12.Bh2 f5 13.a3 Bg5 14.Nxg5 Qxg5 15.Nf3 
Qh6 16.Qd2 Qh5 17.Qg5 Qxg5 18.Nxg5 Nce7 19.Bb5 Rfd8 20.Nf3 a6 21.Ba4 b5 
22.Bb3 Nb6 23.Ne5 Bd5 24.Bxd5 Nexd5 25.Rfe1 a5 26.Rac1 g5 27.Kf1 Kg7 28.
Ke2 Kf6 29.Nd3 d6 30.Kd1 f4 31.Rc2 Rc4 32.Rce2 Re8 33.g3 b4 34.axb4 axb4 
35.gxf4 bxc3 36.fxg5+ Kf7 37.Bxd6 Rxd4 38.Kc2 cxb2 39.Ne5+ Kg8 40.Ba3 Rc8+
41.Kxb2 Na4+ 42.Ka1 Nac3 43.Kb2 Ra4 44.Nd7 Nxe2 45.Rxe2 Rca8 46.Rxe6 Rxa3 
47.Re5 Nf4 48.Re7 Rxh3 49.Nf6+ Kh8 50.Ng4 Rb8+ 51.Kc2 Rc8+ 52.Kb1 Rb3+ 53.
Ka2 Rb4 54.Ra7 Nd3 55.Nf6 Rb2+ 0-1

[Event "2nd GMA World Cup prel  #1"]
[Site "Belgrade YUG"]
[Date "1988.??.??"]
[Round "?"]
[White "Kovacevic, Vlatko"]
[Black "Plaskett, Harold James"]
[Result "0-1"]
[WhiteElo "2515"]
[BlackElo "2450"]
[EventDate "1988.12.??"]
[PlyCount "118"]

1.d4 d5 2.Nf3 e6 3.Bf4 Bd6 4.Bg3 Nf6 5.e3 O-O 6.c4 c5 7.dxc5 Bxc5 8.Nbd2 
Nc6 9.a3 a5 10.Qc2 Qe7 11.Bd3 Bd7 12.O-O Rac8 13.Rad1 Rfd8 14.Qb1 h6 15.
Rfe1 dxc4 16.Nxc4 Be8 17.Bh4 g5 18.Bg3 Nh5 19.Nfe5 Nxg3 20.Nxc6 Bxc6 21.
hxg3 b6 22.Ne5 Ba4 23.b3 Be8 24.a4 Bb4 25.Rf1 Bc3 26.Nf3 Bf6 27.Rc1 Qb4 
28.Ba6 Rc3 29.Rxc3 Bxc3 30.Rd1 Rxd1+ 31.Qxd1 Bf6 32.Qd3 Bc6 33.Bc4 Kf8 34.
g4 Ke7 35.Nh2 Qc3 36.Qe2 Be4 37.Nf1 Bc2 38.Nd2 Qa1+ 39.Qf1 Qc3 40.Qc1 Kd6 
41.Qa3+ Qb4 42.Qxb4+ axb4 43.Kf1 Bc3 44.Nf3 Bd1 45.Nh2 Ke5 46.Nf3+ Ke4 47.
Ng1 f5 48.Bxe6 fxg4 49.Bc4 h5 50.Ne2 h4 51.g3 h3 52.Kg1 Bc2 53.Nc1 Bb2 54.
Ne2 Bd3 55.Nd4 Bxd4 56.exd4 Kxd4 57.Be6 Be2 58.Kh2 Kc3 59.Kg1 Bd1 0-1

[Event "2nd GMA World Cup prel  #1"]
[Site "Belgrade YUG"]
[Date "1988.??.??"]
[Round "?"]
[White "Kovacevic, Vlatko"]
[Black "Renet, Olivier"]
[Result "0-1"]
[WhiteElo "2515"]
[BlackElo "2440"]
[EventDate "1988.12.??"]
[PlyCount "84"]

1.d4 Nf6 2.Nf3 d5 3.Bf4 g6 4.Nbd2 Bg7 5.e3 O-O 6.c3 b6 7.a4 a5 8.h3 Bb7 9.
Bd3 Nbd7 10.Qb1 c5 11.O-O Ra7 12.Rd1 Qa8 13.Ne5 Nxe5 14.Bxe5 Bc6 15.b3 Rc8
16.Qb2 Ne8 17.Bxg7 Nxg7 18.Nf3 Ne8 19.Ne5 Nd6 20.h4 f6 21.Nf3 Kg7 22.Qe2 
c4 23.bxc4 dxc4 24.Bb1 b5 25.axb5 Nxb5 26.Rc1 Nd6 27.Kh2 Rb8 28.Nd2 Rb2 
29.f3 a4 30.e4 a3 31.Ba2 Ra5 32.Kg1 Ba4 33.e5 fxe5 34.dxe5 Qa7+ 35.Kh1 Nf5
36.Qxc4 Rxd2 37.Qf7+ Kh6 38.Qf8+ Kh5 39.Bf7 Qf2 40.Bxg6+ Kxh4 41.Rg1 hxg6 
42.Rae1 Bc6 0-1

[Event "2nd GMA World Cup prel  #1"]
[Site "Belgrade YUG"]
[Date "1988.??.??"]
[Round "?"]
[White "Kovacevic, Vlatko"]
[Black "Ristic, Nenad"]
[Result "1-0"]
[WhiteElo "2515"]
[BlackElo "2440"]
[EventDate "1988.12.??"]
[PlyCount "101"]

1.d4 g6 2.c4 Nf6 3.Bg5 Bg7 4.Nc3 c5 5.dxc5 Qa5 6.Qd2 Qxc5 7.e4 d6 8.Rc1 
O-O 9.f3 e6 10.Nb5 Nc6 11.Be3 Qh5 12.Ne2 Ne5 13.Ng3 Qxf3 14.gxf3 Nxf3+ 15.
Ke2 Nxd2 16.Bxd2 Rd8 17.Bg2 a6 18.Ba5 axb5 19.Bxd8 Rxa2 20.Rc2 bxc4 21.Rd1
d5 22.exd5 Nxd5 23.Rxc4 Bd7 24.Bxd5 exd5 25.Rb4 Bc3 26.Rxb7 Bg4+ 27.Kd3 
Bxd1 28.Kxc3 Kg7 29.Rb6 Ra4 30.Bf6+ Kh6 31.Rb7 Rf4 32.Rxf7 g5 33.Rf8 Kg6 
34.Be7 Rxf8 35.Bxf8 h5 36.Kd2 Bb3 37.Ne2 h4 38.Nd4 Bc4 39.Ke3 Kh5 40.b4 g4
41.Kf4 Bd3 42.b5 g3 43.hxg3 hxg3 44.Kxg3 Kg5 45.b6 Ba6 46.Ne6+ Kf5 47.Nc5 
Bc8 48.Kf3 Ke5 49.b7 Bxb7 50.Nxb7 Kd4 51.Bg7+ 1-0

[Event "2nd GMA World Cup prel  #1"]
[Site "Belgrade YUG"]
[Date "1988.??.??"]
[Round "?"]
[White "Kozul, Zdenko"]
[Black "Krnic, Zdenko"]
[Result "1-0"]
[WhiteElo "2505"]
[BlackElo "2430"]
[EventDate "1988.12.??"]
[PlyCount "73"]

1.d4 Nf6 2.Nf3 g6 3.c4 Bg7 4.Nc3 O-O 5.e4 c6 6.Bd3 d6 7.O-O Bg4 8.Be3 Nbd7
9.h3 Bxf3 10.Qxf3 e5 11.d5 Nh5 12.g3 Bf6 13.h4 Ng7 14.b4 Be7 15.Rfd1 f5 
16.dxc6 bxc6 17.exf5 Rc8 18.Bh6 Rf7 19.Bxg7 Kxg7 20.Qg4 Nf6 21.Qe2 Qb6 22.
Rab1 Rcf8 23.c5 dxc5 24.Bc4 cxb4 25.Bxf7 Rxf7 26.Qxe5 gxf5 27.Ne2 Qc5 28.
Qb2 Kg8 29.Rbc1 Qb6 30.Nd4 Bc5 31.Ne6 Be7 32.Ng5 Rf8 33.Re1 Bd6 34.Re6 Ne8
35.Qb3 Kh8 36.Rxe8 Rxe8 37.Qf7 1-0

[Event "2nd GMA World Cup prel  #1"]
[Site "Belgrade YUG"]
[Date "1988.??.??"]
[Round "?"]
[White "Kozul, Zdenko"]
[Black "Petrosian, Arshak"]
[Result "1-0"]
[WhiteElo "2505"]
[BlackElo "2460"]
[EventDate "1988.12.??"]
[PlyCount "78"]

1.d4 Nf6 2.Nf3 d5 3.c4 e6 4.g3 dxc4 5.Bg2 a6 6.O-O Nc6 7.Na3 Bxa3 8.bxa3 
Rb8 9.Bb2 O-O 10.Qc2 b5 11.Rad1 Ne7 12.e4 Bb7 13.Ne5 Nd7 14.f4 f5 15.d5 
exd5 16.exd5 Nc5 17.Ba1 Qd6 18.Qc3 Na4 19.Qd4 c3 20.Bxc3 Nxc3 21.Qxc3 Rbd8
22.Qb3 Bxd5 23.Bxd5+ Nxd5 24.Rf2 Qc5 25.Kg2 Rd6 26.Rd3 Rfd8 27.Rc2 Qb6 28.
Rdc3 h6 29.Rxc7 Kh7 30.Rf7 Qd4 31.Kh3 Qe4 32.Rd2 Rc8 33.Rd7 Rxd7 34.Nxd7 
Ne3 35.Re2 Qd4 36.Qe6 Rd8 37.Ne5 Qe4 38.Qg6+ Kg8 39.Nf7 Re8 1-0

[Event "2nd GMA World Cup prel  #1"]
[Site "Belgrade YUG"]
[Date "1988.??.??"]
[Round "?"]
[White "Kozul, Zdenko"]
[Black "Piskov, Yury"]
[Result "1/2-1/2"]
[WhiteElo "2505"]
[BlackElo "2415"]
[EventDate "1988.12.??"]
[PlyCount "108"]

1.d4 e6 2.c4 f5 3.Nf3 Nf6 4.g3 d5 5.Bg2 c6 6.O-O Bd6 7.Ne5 O-O 8.Nd2 Nbd7 
9.Ndf3 Ne4 10.Qc2 Qe8 11.Nxd7 Qxd7 12.Ne5 Qe7 13.Nd3 Bd7 14.Bf4 Bxf4 15.
Nxf4 Rae8 16.Nd3 Nd6 17.c5 Nf7 18.f4 g5 19.e3 Kh8 20.Bf3 g4 21.Be2 Rg8 22.
Kf2 Rg6 23.h4 gxh3 24.Rh1 Rh6 25.Rh2 Rg8 26.Rah1 Rgg6 27.Qd1 Be8 28.Bh5 
Rf6 29.Rxh3 Nd8 30.Be2 Nf7 31.b4 Rxh3 32.Rxh3 Rh6 33.Rxh6 Nxh6 34.Ne5 a6 
35.Qh1 Kg7 36.Qh3 Bg6 37.a4 Nf7 38.Nf3 Nh6 39.Nh2 Ng8 40.g4 Nf6 41.g5 Nd7 
42.Nf3 Qd8 43.Qh1 Kg8 44.Nd2 Nf8 45.b5 axb5 46.axb5 cxb5 47.Qa1 Be8 48.Qa3
Bc6 49.Qb4 h6 50.gxh6 Qh4+ 51.Kf1 Qh1+ 52.Kf2 Qh2+ 53.Kf1 Qh1+ 54.Kf2 Qh2+
1/2-1/2

[Event "2nd GMA World Cup prel  #1"]
[Site "Belgrade YUG"]
[Date "1988.??.??"]
[Round "?"]
[White "Kozul, Zdenko"]
[Black "Velickovic, Sasa"]
[Result "1-0"]
[WhiteElo "2505"]
[BlackElo "2415"]
[EventDate "1988.12.??"]
[PlyCount "127"]

1.d4 c5 2.d5 Nf6 3.c4 d6 4.Nc3 g6 5.e4 Bg7 6.Bd3 O-O 7.h3 e6 8.Nf3 exd5 9.
cxd5 a6 10.a4 Nbd7 11.O-O Qe7 12.Re1 h6 13.Be3 Re8 14.Rb1 g5 15.Nd2 Ne5 
16.Bf1 g4 17.f4 gxf3 18.gxf3 Kh8 19.f4 Ng6 20.Qf3 Nh7 21.Nc4 Rg8 22.Kh2 
Bd7 23.Ne2 b5 24.Nb6 Rab8 25.Nxd7 Qxd7 26.axb5 Rxb5 27.Ng3 Rb4 28.b3 Nh4 
29.Qf2 f5 30.Nh5 Ng6 31.Nxg7 Rxg7 32.e5 dxe5 33.fxe5 Nxe5 34.Bxh6 Re7 35.
Rbd1 Nf6 36.Qxc5 Nf3+ 37.Kg3 Nxe1 38.Qxb4 Ne4+ 39.Kf4 Nc2 40.Qb6 Nd6 41.
Kf3 f4 42.Bxf4 Rf7 43.Kg3 Rxf4 44.Kxf4 Qf5+ 45.Kg3 Qe5+ 46.Kf2 Qh2+ 47.Kf3
Qh1+ 48.Ke2 Qe4+ 49.Kd2 Nd4 50.Bd3 Qf4+ 51.Kc3 N6b5+ 52.Bxb5 Nxb5+ 53.Kc2 
Qe4+ 54.Kd2 Qxd5+ 55.Kc1 Qg5+ 56.Rd2 Qf4 57.Qf2 Qc7+ 58.Rc2 Qe5 59.Rc8+ 
Kg7 60.Qb2 Nd4 61.Qg2+ Kh6 62.Qd2+ Kg7 63.Kb2 a5 64.Rc4 1-0